[Event "AUT-chT2M 2324"]
[Site "Austria"]
[Date "2024.03.16"]
[Round "7.6"]
[White "Kobas, Mihael"]
[Black "Postl, Anton"]
[Result "1/2-1/2"]
[WhiteElo "1979"]
[BlackElo "2260"]
[PlyCount "63"]
[EventDate "2023.11.03"]
[EventType "team-tourn"]
[EventRounds "11"]
[EventCountry "AUT"]
[SourceTitle "CB16_2024"]
[SourceDate "2024.04.17"]
[SourceVersion "1"]
[SourceVersionDate "2024.04.17"]
[SourceQuality "1"]
[WhiteTeam "St Veit/Glan"]
[BlackTeam "Fuerstenfeld/Hartberg"]
[WhiteTeamCountry "AUT"]
[BlackTeamCountry "AUT"]

1. d4 Nf6 2. c4 g6 3. Nc3 Bg7 4. e4 d6 5. f4 c5 6. d5 0-0 7. Nf3 e6 8. Be2 exd5 9. cxd5 Bg4 10. 0-0 Re8 11. h3 Bxf3 12. Bxf3 Nbd7 13. g4 h6 14. g5 hxg5 15. e5 dxe5 16. fxg5 Nh7 17. Ne4 f5 18. gxf6 Ndxf6 19. Qe2 b6 20. Be3 Rf8 21. Rad1 Nxe4 22. Bxe4 Qd6 23. Qg4 Nf6 24. Qxg6 Nxe4 25. Qxe4 Rad8 26. Rxf8+ Rxf8 27. Kh2 Rf7 28. Rg1 Rd7 29. Rd1 Rf7 30. Rg1 Rd7 31. Rd1 Rf7 32. Rg1 1/2-1/2

[Event "AUT-chT2M 2223"]
[Site "Austria"]
[Date "2022.10.21"]
[Round "4.6"]
[White "Kobas, Mihael"]
[Black "Wegerer, Fred"]
[Result "0-1"]
[WhiteElo "1979"]
[BlackElo "2098"]
[PlyCount "136"]
[EventDate "2022.09.30"]
[EventType "team-tourn"]
[EventRounds "11"]
[EventCountry "AUT"]
[SourceTitle "EXT 2024"]
[Source "ChessBase"]
[SourceDate "2023.10.10"]
[SourceVersion "1"]
[SourceVersionDate "2023.10.10"]
[SourceQuality "1"]
[WhiteTeam "St Veit/Glan"]
[BlackTeam "Gleisdorf"]
[WhiteTeamCountry "AUT"]
[BlackTeamCountry "AUT"]

1. d4 g6 2. c4 Bg7 3. Nc3 c5 4. d5 Bxc3+ 5. bxc3 Qa5 6. Qc2 f5 7. e3 d6 8. Bd3 Nd7 9. f4 Ngf6 10. Bd2 Nb6 11. Nf3 Bd7 12. a3 0-0-0 13. 0-0 Rhf8 14. Rfb1 e6 15. dxe6 Bxe6 16. Rb5 Qa4 17. Qxa4 Nxa4 18. Rab1 Nb6 19. Be1 Rd7 20. Nd2 Re8 21. h3 Bf7 22. Bf2 Ne4 23. Nxe4 fxe4 24. Be2 Bxc4 25. Rxb6 Bxe2 26. R6b2 Bd3 27. Rc1 d5 28. Bh4 Re6 29. g4 Ra6 30. Ra1 d4 31. cxd4 cxd4 32. exd4 Rxd4 33. Rc1+ Rc6 34. Rxc6+ bxc6 35. Bf2 Ra4 36. Bc5 Kc7 37. Kf2 Ra5 38. Bb4 Rd5 39. Ke3 c5 40. Bc3 Kc6 41. a4 Bf1 42. Rd2 Bxh3 43. Rxd5 Kxd5 44. g5 Kc4 45. Be1 Bf5 46. a5 a6 47. Bd2 Kb3 48. Be1 Kc2 49. Bd2 Bd7 50. Be1 Bc6 51. Bd2 Bb5 52. Be1 Bd3 53. Bd2 Kd1 54. Bc3 Bb1 55. Bd2 c4 56. Bc3 Bd3 57. Bb4 Kc2 58. Kd4 Kc1 59. Ke3 Kb2 60. Kd4 Kb3 61. Be1 Bb1 62. Bd2 Kc2 63. Be1 Kd1 64. Bc3 Ke2 65. Bb4 Bd3 66. Bc3 e3 67. Bb4 Kf3 68. Be1 Kxf4 0-1

[Event "AUT-chT2M 2122"]
[Site "Austria"]
[Date "2022.04.30"]
[Round "10.5"]
[White "Teuschler, Hugo"]
[Black "Kobas, Mihael"]
[Result "1/2-1/2"]
[WhiteElo "2047"]
[BlackElo "1971"]
[PlyCount "60"]
[EventDate "2021.10.01"]
[EventType "team-tourn"]
[EventRounds "11"]
[EventCountry "AUT"]
[SourceTitle "EXT 2023"]
[Source "ChessBase"]
[SourceDate "2022.10.05"]
[SourceVersion "1"]
[SourceVersionDate "2022.10.05"]
[SourceQuality "1"]
[WhiteTeam "Frauental"]
[BlackTeam "St Veit/Glan II"]
[WhiteTeamCountry "AUT"]
[BlackTeamCountry "AUT"]

1. e4 c6 2. d4 d5 3. exd5 cxd5 4. Bd3 Nc6 5. c3 Nf6 6. Bf4 Bg4 7. Qb3 Qd7 8. Nd2 e6 9. Ngf3 Bd6 10. Bxd6 Qxd6 11. 0-0 0-0 12. Rae1 a6 13. Ne5 Rab8 14. Re3 Bf5 15. Qc2 Bxd3 16. Qxd3 g6 17. Rfe1 Kg7 18. Rh3 h5 19. Nxc6 bxc6 20. b4 a5 21. a3 axb4 22. axb4 Ra8 23. Rf3 Ra2 24. h3 Rfa8 25. Rfe3 Rb2 26. Rb1 Raa2 27. Rxb2 Rxb2 28. Re2 Qf4 29. Nf1 Rxe2 30. Qxe2 Ne4 1/2-1/2

[Event "AUT-chT2M 1920"]
[Site "Austria"]
[Date "2019.10.11"]
[Round "1.6"]
[White "Kobas, Mihael"]
[Black "Hellmayr, Alois"]
[Result "1/2-1/2"]
[WhiteElo "2058"]
[BlackElo "2242"]
[PlyCount "96"]
[EventDate "2019.10.11"]
[EventType "team-tourn"]
[EventRounds "11"]
[EventCountry "AUT"]
[SourceTitle "CBM 192 Extra"]
[Source "Chessbase"]
[SourceDate "2019.11.06"]
[SourceVersion "1"]
[SourceVersionDate "2019.11.06"]
[SourceQuality "1"]
[WhiteTeam "St Veit Aspernig II"]
[BlackTeam "Sauwald"]
[WhiteTeamCountry "AUT"]
[BlackTeamCountry "AUT"]

1. d4 Nf6 2. c4 e6 3. g3 d5 4. Nf3 Bb4+ 5. Bd2 Be7 6. Bg2 0-0 7. 0-0 c6 8. Qc2 Nbd7 9. Rd1 Ne4 10. Be1 f5 11. Nc3 b6 12. cxd5 cxd5 13. Rac1 Ba6 14. e3 b5 15. Bf1 Qb6 16. Qb3 Nd6 17. a3 Nc4 18. Na2 Rf7 19. Nb4 Bb7 20. Nd3 a5 21. Nde5 Ndxe5 22. Nxe5 Nxe5 23. dxe5 Ba6 24. Qc3 b4 25. axb4 Bxf1 26. Kxf1 Bxb4 27. Qc6 Ra6 28. Qxb6 Rxb6 29. Rc8+ Rf8 30. Rxf8+ Kxf8 31. Ra1 Bxe1 32. Kxe1 Rb5 33. Ra2 g5 34. f4 g4 35. Kd2 Ke7 36. Kc3 Kd7 37. Ra4 Kc6 38. b4 Kb6 39. Kb3 Rxb4+ 40. Rxb4+ axb4 41. Kxb4 h6 42. Kc3 Kc5 43. Kd3 Kb4 44. Kd4 Kb5 45. Kc3 Ka4 46. Kd4 Kb4 47. Kd3 Kb3 48. Kd4 Kb4 1/2-1/2

[Event "Feffernitz op 28th"]
[Site "Feffernitz"]
[Date "2019.08.24"]
[Round "8"]
[White "Kobas, Mihael"]
[Black "Strobel, Matthias"]
[Result "1/2-1/2"]
[WhiteElo "2022"]
[BlackElo "2081"]
[PlyCount "100"]
[EventDate "2019.08.18"]
[EventType "swiss"]
[EventRounds "9"]
[EventCountry "AUT"]
[SourceTitle "EXT 2020"]
[Source "ChessBase"]
[SourceDate "2019.10.17"]
[SourceVersion "1"]
[SourceVersionDate "2019.10.17"]
[SourceQuality "1"]

1. d4 Nf6 2. Nf3 c6 3. c4 d6 4. Nc3 Nbd7 5. e4 e5 6. Be2 a6 7. a4 a5 8. h3 Be7 9. Qc2 Qc7 10. Be3 Nb8 11. 0-0 Nfd7 12. Ne1 Bf6 13. Qd2 Na6 14. f4 exd4 15. Bxd4 Nac5 16. Ra3 0-0 17. Nf3 Bxd4+ 18. Qxd4 Re8 19. e5 dxe5 20. fxe5 Ne6 21. Qf2 Qb6 22. Qxb6 Nxb6 23. Ne4 Nf4 24. Nd6 Re7 25. Bd1 Ng6 26. Bc2 Be6 27. Bxg6 hxg6 28. b3 Nc8 29. Raa1 Rd7 30. Rad1 Ne7 31. Ng5 Nf5 32. Nxf5 gxf5 33. Nxe6 Rxd1 34. Rxd1 fxe6 35. Rd7 Rb8 36. Kf2 b5 37. cxb5 cxb5 38. Ra7 bxa4 39. bxa4 Rb4 40. Rxa5 Re4 41. Kf3 Kh7 42. Rb5 Rxa4 43. Rb6 Kg6 44. Rxe6+ Kf7 45. Rb6 Re4 46. g4 Rxe5 47. Kf4 Ra5 48. gxf5 Ra1 49. Rb7+ Kf6 50. Rb6+ Kf7 1/2-1/2

[Event "Feffernitz op 28th"]
[Site "Feffernitz"]
[Date "2019.08.23"]
[Round "7"]
[White "Birkenmaier, Rainer"]
[Black "Kobas, Mihael"]
[Result "1/2-1/2"]
[WhiteElo "2076"]
[BlackElo "2022"]
[PlyCount "26"]
[EventDate "2019.08.18"]
[EventType "swiss"]
[EventRounds "9"]
[EventCountry "AUT"]
[SourceTitle "EXT 2020"]
[Source "ChessBase"]
[SourceDate "2019.10.17"]
[SourceVersion "1"]
[SourceVersionDate "2019.10.17"]
[SourceQuality "1"]

1. d4 d5 2. Nf3 Nf6 3. c3 c5 4. e3 cxd4 5. exd4 Nc6 6. Bf4 Bg4 7. Nbd2 e6 8. Qb3 Qc8 9. h3 Bh5 10. Bd3 Bg6 11. Bxg6 hxg6 12. 0-0 Be7 13. Rfe1 0-0 1/2-1/2

[Event "Bosnjaci op 23rd"]
[Site "Bosnjaci"]
[Date "2018.01.09"]
[Round "9"]
[White "Kobas, Mihael"]
[Black "Blazeka, Djuro"]
[Result "1-0"]
[WhiteElo "1980"]
[BlackElo "1847"]
[PlyCount "61"]
[EventDate "2018.01.03"]
[EventType "swiss"]
[EventRounds "9"]
[EventCountry "CRO"]
[SourceTitle "CBM 182 Extra"]
[Source "ChessBase"]
[SourceDate "2018.02.23"]
[SourceVersion "1"]
[SourceVersionDate "2018.02.23"]
[SourceQuality "1"]

1. d4 d5 2. c4 e6 3. Nc3 Nf6 4. cxd5 exd5 5. Bg5 Be7 6. e3 0-0 7. Bd3 c6 8. Qc2 Nbd7 9. Nge2 Re8 10. 0-0 Nf8 11. f3 g6 12. Bh4 Nh5 13. Bf2 c5 14. Qd2 cxd4 15. Nxd4 Ne6 16. Nxe6 Bxe6 17. Bb5 Rf8 18. Rfd1 Qa5 19. Nxd5 Qxb5 20. Nxe7+ Kg7 21. Qd4+ Kh6 22. e4 Rad8 23. Be3+ g5 24. Nd5 Bxd5 25. exd5 f5 26. h4 f4 27. hxg5+ Kxg5 28. Qe5+ Kh4 29. Bf2+ Ng3 30. Bxg3+ fxg3 31. Rd4+ 1-0

[Event "London Classic op"]
[Site "London"]
[Date "2017.12.09"]
[Round "9"]
[White "Kobas, Mihael"]
[Black "Semprun Martinez, Fernando M"]
[Result "0-1"]
[WhiteElo "2001"]
[BlackElo "2205"]
[PlyCount "74"]
[EventDate "2017.12.02"]
[EventType "swiss"]
[EventRounds "9"]
[EventCountry "ENG"]
[SourceTitle "CBM 182 Extra"]
[Source "ChessBase"]
[SourceDate "2018.02.23"]
[SourceVersion "1"]
[SourceVersionDate "2018.02.23"]
[SourceQuality "1"]

1. d4 Nf6 2. c4 g6 3. Nc3 Bg7 4. Nf3 0-0 5. g3 d5 6. cxd5 Nxd5 7. Bg2 c5 8. e4 Nxc3 9. bxc3 Nc6 10. Be3 Bg4 11. e5 cxd4 12. cxd4 Qa5+ 13. Qd2 Rfd8 14. Qxa5 Nxa5 15. 0-0 Rac8 16. Rfc1 Nc4 17. h3 Bf5 18. Nh4 Be6 19. Bxb7 Rb8 20. Bg2 Nxe3 21. fxe3 Bh6 22. Re1 Rb2 23. Rad1 Bxa2 24. d5 Bg7 25. d6 exd6 26. Rxd6 Rxd6 27. exd6 Rd2 28. Rc1 Rxd6 29. Rc8+ Bf8 30. Ra8 Rd7 31. Nf3 Bd5 32. Rc8 Rb7 33. Rd8 Rb1+ 34. Kh2 Bb7 35. Rb8 Be4 36. Re8 Rb4 37. Ne5 Rb2 0-1

[Event "London Classic op"]
[Site "London"]
[Date "2017.12.08"]
[Round "8"]
[White "Volovich, Julia"]
[Black "Kobas, Mihael"]
[Result "0-1"]
[WhiteElo "1546"]
[BlackElo "2001"]
[PlyCount "95"]
[EventDate "2017.12.02"]
[EventType "swiss"]
[EventRounds "9"]
[EventCountry "ENG"]
[SourceTitle "CBM 182 Extra"]
[Source "ChessBase"]
[SourceDate "2018.02.23"]
[SourceVersion "1"]
[SourceVersionDate "2018.02.23"]
[SourceQuality "1"]

1. d4 d5 2. c4 c6 3. Nf3 Nf6 4. Qc2 dxc4 5. Qxc4 Bf5 6. Bg5 e6 7. Nc3 Be7 8. e3 h6 9. Bh4 Nbd7 10. Qb3 Qb6 11. Qxb6 Nxb6 12. Be2 0-0 13. 0-0 Rfe8 14. a3 a5 15. Rac1 Nbd5 16. Nxd5 exd5 17. Ne5 Ne4 18. Bxe7 Rxe7 19. Bd3 f6 20. Nf3 Nd6 21. Bxf5 Nxf5 22. Rc5 a4 23. Rfc1 Nd6 24. Nd2 Ra6 25. R1c2 Kf7 26. Kf1 Ke8 27. h3 Kd7 28. Kg1 Re6 29. Kf1 b5 30. R5c3 Nc4 31. Nxc4 bxc4 32. g3 Re8 33. Re2 Rb6 34. f3 Reb8 35. Rcc2 Rb3 36. h4 Rd3 37. Kf2 Rbb3 38. Rcd2 Rxd2 39. Rxd2 c3 40. bxc3 Rxc3 41. Ke2 Rxa3 42. Rd3 Rxd3 43. Kxd3 c5 44. Kc3 Kc6 45. e4 cxd4+ 46. Kxd4 dxe4 47. fxe4 Kd6 48. Kc4 0-1

[Event "London Classic op"]
[Site "London"]
[Date "2017.12.03"]
[Round "3"]
[White "Kobas, Mihael"]
[Black "Dror, Levi L"]
[Result "1-0"]
[WhiteElo "2001"]
[BlackElo "1677"]
[PlyCount "67"]
[EventDate "2017.12.02"]
[EventType "swiss"]
[EventRounds "9"]
[EventCountry "ENG"]
[SourceTitle "CBM 182 Extra"]
[Source "ChessBase"]
[SourceDate "2018.02.23"]
[SourceVersion "1"]
[SourceVersionDate "2018.02.23"]
[SourceQuality "1"]

1. d4 Nf6 2. c4 g6 3. Nc3 Bg7 4. e4 d6 5. f3 0-0 6. Be3 e5 7. d5 Nh5 8. g4 Nf4 9. Qd2 f5 10. gxf5 gxf5 11. 0-0-0 Qh4 12. Nge2 fxe4 13. fxe4 Bg4 14. h3 Nd7 15. Rg1 Bf3 16. Nxf4 exf4 17. Bf2 Qh6 18. Be2 Ne5 19. Bd4 Bxe2 20. Nxe2 Rf7 21. Rdf1 Ng6 22. Bxg7 Rxg7 23. Nxf4 Re8 24. Ne6 Qxd2+ 25. Kxd2 Rge7 26. Rf6 Kh8 27. Rgf1 Rg8 28. Rf7 Rc8 29. Rxe7 Nxe7 30. Rf7 Ng6 31. Rxc7 Rxc7 32. Nxc7 Ne5 33. b3 Kg7 34. Ne8+ 1-0

[Event "Feffernitz op 24th"]
[Site "Feffernitz"]
[Date "2015.08.21"]
[Round "7"]
[White "Kobas, Mihael"]
[Black "Zwettler, Gerald Adam"]
[Result "1-0"]
[WhiteElo "1936"]
[BlackElo "1759"]
[PlyCount "102"]
[EventDate "2015.08.16"]
[EventType "swiss"]
[EventRounds "9"]
[EventCountry "AUT"]
[SourceTitle "EXT 2016"]
[Source "ChessBase"]
[SourceDate "2015.10.08"]
[SourceVersion "1"]
[SourceVersionDate "2015.10.08"]
[SourceQuality "1"]

1. Nf3 Nf6 2. d4 d5 3. c4 e6 4. g3 Bb4+ 5. Bd2 Bxd2+ 6. Nbxd2 0-0 7. Bg2 b6 8. cxd5 Nxd5 9. 0-0 Bb7 10. Rc1 Nd7 11. Qc2 c5 12. e4 N5f6 13. e5 Nd5 14. Ne4 Nb4 15. Qb1 Bxe4 16. Qxe4 Rc8 17. dxc5 bxc5 18. Rfd1 Nxa2 19. Ra1 Nb4 20. Rxa7 Rc7 21. Ng5 g6 22. Qh4 h5 23. Ra8 Qe7 24. Rxf8+ Nxf8 25. Qf4 Rd7 26. Rxd7 Nxd7 27. Qe3 Nb6 28. Ne4 Nd7 29. Nd6 Kg7 30. f4 Nc2 31. Qd2 Nd4 32. b4 Nf5 33. bxc5 Nxc5 34. Nxf5+ exf5 35. Qb4 Qa7 36. Qd4 Kf8 37. e6 Qa5 38. Qd6+ Kg7 39. exf7 Qe1+ 40. Bf1 Qe3+ 41. Kg2 Kxf7 42. Bc4+ Ne6 43. Kh3 Qe4 44. Bd5 Qe2 45. Bxe6+ Qxe6 46. Qxe6+ Kxe6 47. Kh4 Kf6 48. h3 Kg7 49. Kg5 h4 50. gxh4 Kh7 51. h5 gxh5 1-0